Religion, narrative, and public imagination in South Asia : (Record no. 14313)

000 -LEADER
fixed length control field 01397cam a2200313 a 4500
001 - CONTROL NUMBER
control field 16674004
005 - DATE AND TIME OF LATEST TRANSACTION
control field 20170105102852.0
008 - FIXED-LENGTH DATA ELEMENTS--GENERAL INFORMATION
fixed length control field 110302s2012 enka b 001 0 eng
010 ## - LIBRARY OF CONGRESS CONTROL NUMBER
LC control number 2011007875
020 ## - INTERNATIONAL STANDARD BOOK NUMBER
International Standard Book Number 9780415558631 (hbk.)
020 ## - INTERNATIONAL STANDARD BOOK NUMBER
International Standard Book Number 9780203805121 (ebk.)
040 ## - CATALOGING SOURCE
Original cataloging agency DLC
Transcribing agency DLC
Modifying agency DLC
042 ## - AUTHENTICATION CODE
Authentication code pcc
043 ## - GEOGRAPHIC AREA CODE
Geographic area code az-----
050 00 - LIBRARY OF CONGRESS CALL NUMBER
Classification number BL1138.26
Item number .H43 2012
082 00 - DEWEY DECIMAL CLASSIFICATION NUMBER
Classification number 294.592
Edition number 22
100 1# - MAIN ENTRY--PERSONAL NAME
Personal name Hegarty, James.
245 10 - TITLE STATEMENT
Title Religion, narrative, and public imagination in South Asia :
Remainder of title past and place in the Sanskrit Mahabharata /
Statement of responsibility, etc. James Hegarty.
260 ## - PUBLICATION, DISTRIBUTION, ETC.
Place of publication, distribution, etc. London ;
-- New York :
Name of publisher, distributor, etc. Routledge,
Date of publication, distribution, etc. 2012.
300 ## - PHYSICAL DESCRIPTION
Extent xiii, 219 p. :
Other physical details ill. ;
Dimensions 24 cm.
490 0# - SERIES STATEMENT
Series statement Routledge Hindu studies series
504 ## - BIBLIOGRAPHY, ETC. NOTE
Bibliography, etc. note Includes bibliographical references (p. [207]-216) and index.
505 0# - FORMATTED CONTENTS NOTE
Formatted contents note Ritual, text, and modernity in the Sanskrit mahabharata -- Constructing the significant past -- Constructing significant places -- The mahabharata in early South Asia -- Conclusions. Towards an old orientation to philology -- Epilogue. The construction of the significant past in the Hindi televisual mahabharat.
630 00 - SUBJECT ADDED ENTRY--UNIFORM TITLE
Uniform title Mahābhārata
General subdivision Criticism, interpretation, etc.
651 #0 - SUBJECT ADDED ENTRY--GEOGRAPHIC NAME
Geographic name South Asia.
906 ## - LOCAL DATA ELEMENT F, LDF (RLIN)
a 7
b cbc
c orignew
d 1
e ecip
f 20
g y-gencatlg
942 ## - ADDED ENTRY ELEMENTS (KOHA)
Source of classification or shelving scheme
Koha item type Book
Holdings
Withdrawn status Lost status Damaged status Not for loan Collection code Permanent Location Current Location Shelving location Date acquired Total Checkouts Full call number Barcode Date last seen Price effective from Koha item type
          Centre for International Peace & Stability (CIPS) Centre for International Peace & Stability (CIPS) General Stacks 08/21/2013   294.592 HEG 2012 CIPS0000378 08/21/2013 08/21/2013 Book
© 2023 Central Library, National University of Sciences and Technology. All Rights Reserved.